| 000 | 01221nam1a22002291i 4500 | ||
|---|---|---|---|
| 001 | rc\883691 | ||
| 005 | 20240723223117.0 | ||
| 035 | _a(NLR Aleph) 006240964 | ||
| 090 |
_a6665827 _c6665827 |
||
| 100 | _a20041129d1983 u |0rusy50 ca | ||
| 101 | 0 | _arus | |
| 102 | _aRU | ||
| 105 | _ay ||||||||| | ||
| 200 | 1 |
_aМатериалы XII Всесоюзного совещания по исследованию и использованию глин и глинистых минералов (21-24 ноября 1983 г.) _e(Тез. докл.) |
|
| 210 |
_aБаку _cИн-т геологии _d1983 |
||
| 215 | _d20 | ||
| 300 | _aВ надзаг.: АН СССР, М-во геологии СССР, Всесоюз. комис. глин, АН АзССР, Упр. геологии АзССР, АзербНИИ НТИ и техн.-экон. исслед. Госплана АзССР, Азерб. НТО "Горное", Азерб. комис. глин | ||
| 710 | 1 | 2 |
_aВсесоюзное совещ. по исследованию и использованию глин и глинистых минералов _d12 _f1983 _eБаку |
| 801 | 0 |
_aRU _bNLR _gpsbo |
|
| 801 | 1 |
_aRU _bELAR _2rusmarc |
|
| 852 |
_aNLR _j84-4/20001 |
||
| 942 | _cBOOK | ||